[Event "ch-CHN 2016"]
[Site "Xinghua CHN"]
[Date "2016.04.27"]
[Round "10.1"]
[White "Zhou, Weiqi"]
[Black "Zhou, Jianchao"]
[Result "1/2-1/2"]
[WhiteTitle "GM"]
[BlackTitle "GM"]
[WhiteElo "2635"]
[BlackElo "2612"]
[WhiteFideId "8601674"]
[BlackFideId "8603537"]
[EventDate "2016.04.17"]

1. Nf3 d5 2. e3 c5 3. b3 Nf6 4. Bb2 Nc6 5. Bb5 Bd7 6. O-O a6 7. Bxc6 Bxc6 8. Ne5
Rc8 9. d3 g6 10. Nd2 Bg7 11. a4 O-O 12. Qe2 a5 13. f4 b6 14. Nxc6 Rxc6 15. Nf3
Ne8 16. Bxg7 Nxg7 17. e4 dxe4 18. dxe4 Ne6 19. e5 Nd4 20. Qd3 Qc8 21. Rad1 Nxf3+
22. Rxf3 c4 23. Qd4 Qf5 24. Qf2 Rfc8 25. h3 h5 26. Kh2 cxb3 27. cxb3 Rc2 28. Rd2
Qe4 29. Rxc2 Rxc2 30. Qe3 Qxe3 31. Rxe3 h4 32. Rd3 Rb2 33. Kg1 Kg7 34. Rc3 e6
35. Kf1 Kh6 36. Rf3 Rd2 37. Kg1 Rd4 38. Kf2 Re4 39. Kf1 Kh7 40. Kf2 Kh6 41. Kf1
Kg7 42. Kg1 f6 43. Rc3 fxe5 44. fxe5 Rxe5 45. Rc7+ Kf6 46. Rb7 b5 47. axb5 Re3
48. Ra7 Rxb3 49. Rxa5 Rb2 50. Ra3 Rxb5 51. Kf2 Kf5 52. Rf3+ Kg5 53. Re3 Rb2+ 54.
Kf3 Kf5 55. g4+ Kf6 56. Ke4 Rf2 57. Ra3 g5 58. Rb3 Rg2 59. Rf3+ Ke7 60. Ra3 Rf2
61. Rb3 Kf6 62. Ra3 Rf4+ 63. Ke3 Rb4 64. Rc3 Rb5 65. Ke4 Re5+ 66. Kd4 Re1 67.
Rf3+ Ke7 68. Ra3 Re2 69. Rb3 Rd2+ 70. Ke5 Rd5+ 71. Ke4 Rc5 72. Rd3 Rc4+ 73. Ke5
Rc1 74. Ra3 Re1+ 75. Kd4 Kf6 76. Rf3+ Kg6 77. Ra3 e5+ 78. Kd5 e4 79. Kd4 Kf6 80.
Ra6+ Kf7 81. Ra7+ Kf6 82. Ra6+ Kf7 83. Ra7+ Kf6 1/2-1/2

[Event "ch-CHN 2016"]
[Site "Xinghua CHN"]
[Date "2016.04.27"]
[Round "10.2"]
[White "Zhao, Jun"]
[Black "Zeng, Chongsheng"]
[Result "1/2-1/2"]
[WhiteTitle "GM"]
[BlackTitle "GM"]
[WhiteElo "2634"]
[BlackElo "2549"]
[WhiteFideId "8602522"]
[BlackFideId "8603847"]
[EventDate "2016.04.17"]

1. e4 c6 2. d4 d5 3. e5 Bf5 4. Nf3 e6 5. Be2 Ne7 6. O-O c5 7. Na3 a6 8. dxc5
Nec6 9. Bg5 Be7 10. Bxe7 Qxe7 11. c4 Be4 12. Nd2 Nd7 13. f3 Bg6 14. cxd5 Qxc5+
15. Kh1 Qxd5 16. f4 O-O 17. Bf3 Qd4 18. Nb3 Qxb2 19. Nc4 Qc2 20. Qxd7 Qxc4 21.
Qxb7 Nb4 22. Rac1 Nc2 23. Qxa8 Rxa8 24. Bxa8 h6 25. Na1 Qa4 26. Nxc2 Bxc2 27. h3
Bf5 28. Rf2 Qd4 29. Rf3 Qb2 30. Rcf1 Qxa2 31. g4 Bc2 32. R1f2 Qb1+ 33. Kh2 a5
34. Rc3 Bb3 35. Be4 Qxe4 36. Rxb3 g5 37. Rbf3 gxf4 38. Rxf4 Qxe5 39. Kg1 Qc7 40.
R4f3 Kg7 41. Ra2 h5 42. gxh5 Qc5+ 43. Kh2 Qe5+ 44. Kg1 Qd4+ 45. Kh2 Qd6+ 46. Kg1
Qd1+ 47. Rf1 Qxh5 48. Rfa1 Qxh3 49. Rxa5 Qe3+ 50. Kf1 e5 51. R5a3 Qf4+ 52. Kg2
Qe4+ 53. Kf2 Qd4+ 54. Kg2 e4 55. Rg3+ Kf6 56. Rf1+ Ke6 57. Rg4 f5 58. Rgf4 Qg7+
59. Kf2 Ke5 60. Ke2 Qg2+ 61. R1f2 Qh3 62. Rxf5+ Kd4 63. Ke1 Qh1+ 64. Ke2 Qa1 65.
R2f4 Qb2+ 66. Kf1 Kd3 67. Rf8 Qc1+ 68. Kg2 e3 69. Rd8+ Ke2 70. Rdd4 Qc5 71. Kg3
Qh5 72. Kg2 Qg5+ 73. Rg4 Qh6 74. Rgf4 Qc6+ 75. Kh2 Qg6 76. Kh3 Qh5+ 77. Kg2 Qg6+
78. Kh3 Ke1 79. Kh2 e2 80. Kh3 Qg3+ 1/2-1/2

[Event "ch-CHN 2016"]
[Site "Xinghua CHN"]
[Date "2016.04.27"]
[Round "10.3"]
[White "Lu, Shanglei"]
[Black "Xu, Yinglun"]
[Result "1/2-1/2"]
[WhiteTitle "GM"]
[WhiteElo "2619"]
[BlackElo "2523"]
[WhiteFideId "8603332"]
[BlackFideId "8604940"]
[EventDate "2016.04.17"]

1. e4 c5 2. Nf3 d6 3. d4 cxd4 4. Nxd4 Nf6 5. Nc3 a6 6. Be3 e6 7. g4 e5 8. Nf5 g6
9. g5 gxf5 10. exf5 d5 11. gxf6 d4 12. Bc4 Qc7 13. Qd3 dxe3 14. O-O-O exf2 15.
Bxf7+ Kxf7 16. Qd5+ Kxf6 17. Ne4+ Ke7 18. f6+ Ke8 19. f7+ Ke7 20. Qd2 Qb6 21.
Nd6 Bg7 22. Qg5+ Kf8 23. Rhf1 h5 24. Nxc8 Bh6 25. Nxb6 Bxg5+ 26. Kb1 Ra7 27.
Rxf2 Rh6 28. Nc8 Ra8 29. Rf5 Rg6 30. Rg1 Nd7 31. Rfxg5 Rxg5 32. Rxg5 Nf6 33. Nb6
Rd8 34. Kc1 e4 1/2-1/2

[Event "ch-CHN 2016"]
[Site "Xinghua CHN"]
[Date "2016.04.27"]
[Round "10.4"]
[White "Wang, Chen"]
[Black "Bai, Jinshi"]
[Result "1/2-1/2"]
[WhiteTitle "IM"]
[BlackTitle "GM"]
[WhiteElo "2514"]
[BlackElo "2564"]
[WhiteFideId "8601020"]
[BlackFideId "8602280"]
[EventDate "2016.04.17"]

1. d4 d5 2. Bg5 c6 3. e3 Bf5 4. Nf3 Nd7 5. c4 Ngf6 6. Nc3 h6 7. Bh4 e6 8. Qb3
Qb6 9. c5 Qxb3 10. axb3 a6 11. b4 Rc8 12. h3 Be7 13. Nd2 Ne4 14. Ndxe4 Bxe4 15.
Bg3 Bg6 16. f3 Bf6 17. Bd6 e5 18. Rd1 exd4 19. exd4 Be7 20. Bxe7 Kxe7 21. Kf2
Rce8 22. g4 Kd8 23. Bg2 f5 24. f4 Nf8 25. Rd2 Ne6 26. Kg3 Rhf8 27. Rf1 Bh7 28.
Ne2 Re7 29. Rf2 Ref7 30. Rd1 g5 31. Rdf1 fxg4 32. hxg4 Bd3 33. fxg5 Rxf2 34.
Rxf2 Rxf2 35. Kxf2 Bxe2 36. Kxe2 hxg5 37. Ke3 1/2-1/2

[Event "ch-CHN 2016"]
[Site "Xinghua CHN"]
[Date "2016.04.27"]
[Round "10.5"]
[White "Xu, Jun"]
[Black "Wen, Yang"]
[Result "1/2-1/2"]
[WhiteTitle "GM"]
[BlackTitle "GM"]
[WhiteElo "2527"]
[BlackElo "2614"]
[WhiteFideId "8600031"]
[BlackFideId "8602956"]
[EventDate "2016.04.17"]

1. Nf3 d5 2. d4 c6 3. c4 e6 4. Qc2 Nd7 5. g3 dxc4 6. Qxc4 Ngf6 7. Bg2 Bd6 8. O-O
O-O 9. Nc3 e5 10. Bg5 h6 11. Ne4 Be7 12. dxe5 hxg5 13. exf6 Bxf6 14. Rad1 Qe7
15. Nxf6+ Qxf6 16. Qc1 g4 17. Ng5 Qe5 18. Ne4 Nf6 19. Qc5 Qxc5 20. Nxc5 Re8 21.
e3 Kf8 22. Rd2 a5 23. Rfd1 Rb8 24. Rd4 b6 25. Na4 Be6 26. b3 c5 27. Rd6 c4 28.
bxc4 Bxc4 29. Nxb6 Bxa2 30. Ra1 Re6 31. Nd7+ Nxd7 32. Rxd7 Rb2 33. Bd5 Bxd5 34.
Rxd5 Rf6 1/2-1/2

[Event "ch-CHN 2016"]
[Site "Xinghua CHN"]
[Date "2016.04.28"]
[Round "11.1"]
[White "Gao, Rui"]
[Black "Zhou, Weiqi"]
[Result "1/2-1/2"]
[WhiteTitle "GM"]
[BlackTitle "GM"]
[WhiteElo "2552"]
[BlackElo "2635"]
[WhiteFideId "8602387"]
[BlackFideId "8601674"]
[EventDate "2016.04.17"]

1. e4 e5 2. Nf3 Nc6 3. Bb5 a6 4. Ba4 Nf6 5. O-O Be7 6. Re1 b5 7. Bb3 d6 8. c3
O-O 9. h3 Bb7 10. d4 Re8 11. Nbd2 exd4 12. cxd4 Nd7 13. Bd5 Nb6 14. Bxc6 Bxc6
15. d5 Bd7 16. Nd4 Bf6 17. N2f3 Rc8 18. Bf4 c5 19. dxc6 Bxc6 20. Nxc6 Rxc6 21.
Rc1 Rxc1 22. Qxc1 Na4 23. e5 dxe5 24. Bxe5 Bxe5 25. Rxe5 Rxe5 26. Nxe5 f6 27.
Nf3 Qd7 28. b3 Nb6 29. Qa3 Qb7 30. Qd6 Nc8 31. Qe6+ Kf8 32. Nd4 Ne7 33. Qg4 Kf7
34. Qe6+ Kf8 35. Qg4 Kf7 36. Qe6+ Kf8 37. Qg4 1/2-1/2

[Event "ch-CHN 2016"]
[Site "Xinghua CHN"]
[Date "2016.04.28"]
[Round "11.3"]
[White "Bai, Jinshi"]
[Black "Xu, Jun"]
[Result "1/2-1/2"]
[WhiteTitle "GM"]
[BlackTitle "GM"]
[WhiteElo "2564"]
[BlackElo "2527"]
[WhiteFideId "8602280"]
[BlackFideId "8600031"]
[EventDate "2016.04.17"]

1. d4 Nf6 2. c4 e6 3. g3 c5 4. Nf3 cxd4 5. Nxd4 a6 6. Bg2 Qc7 7. O-O Be7 8. Nc3
O-O 9. e4 d6 10. Be3 Nbd7 11. Rc1 Ne5 12. b3 Neg4 13. Bd2 Qc5 14. Nce2 Bd7 15.
h3 Ne5 16. Be3 Qa5 17. a4 Rac8 18. Nc3 Nc6 19. Nde2 Ne5 20. Qd2 Kh8 21. Rfd1
Rfd8 22. Qd4 Bc6 23. Qb6 Qxb6 24. Bxb6 Re8 25. Be3 Red8 26. f4 Ng6 27. a5 Bf8
28. g4 h6 29. Kf2 Be7 30. Kg3 Nd7 31. b4 Nb8 32. Bb6 Re8 33. Ba7 Bd7 34. Bxb8
Rxb8 35. c5 d5 36. exd5 Bh4+ 37. Kh2 exd5 38. Bxd5 Re7 39. Rd2 Bc6 40. Rcd1 Kh7
41. Nd4 Re3 42. Rd3 Rbe8 43. Bxc6 Bg3+ 44. Kg1 bxc6 45. Rxe3 Rxe3 46. Nce2 Nxf4
47. Nxg3 Rxg3+ 48. Kf2 Rd3 49. Rxd3 Nxd3+ 50. Ke3 Nxb4 51. Ke4 f6 52. Kf5 Nd3
53. Nb3 h5 54. Ke6 hxg4 55. hxg4 Kg6 56. Kd6 Ne5 57. Nd4 Nc4+ 58. Kxc6 Nxa5+ 59.
Kd5 Kf7 60. c6 Nxc6 61. Kxc6 Kg6 62. Nf3 f5 63. Nh4+ Kg5 64. Nxf5 Kxg4 65. Nxg7 1/2-1/2

[Event "ch-CHN 2016"]
[Site "Xinghua CHN"]
[Date "2016.04.28"]
[Round "11.4"]
[White "Xu, Yinglun"]
[Black "Wang, Chen"]
[Result "1/2-1/2"]
[BlackTitle "IM"]
[WhiteElo "2523"]
[BlackElo "2514"]
[WhiteFideId "8604940"]
[BlackFideId "8601020"]
[EventDate "2016.04.17"]

1. d4 Nf6 2. c4 e6 3. Nc3 Bb4 4. e3 O-O 5. Nf3 Bxc3+ 6. bxc3 d6 7. Bd3 Qe7 8.
O-O e5 9. e4 Nc6 10. Qe1 b6 11. Qe3 Ng4 12. Qe2 Nf6 13. h3 h6 14. Rb1 Re8 15.
Re1 Bd7 16. Kh2 Nh7 17. Qe3 Nf8 18. Ba3 Ng6 19. g3 Na5 20. Nd2 c5 21. Bc1 Qf8
22. d5 f5 23. exf5 Bxf5 24. Ne4 Re7 25. Rf1 Rf7 26. Bd2 Qe7 27. g4 Bxg4 28. hxg4
Qh4+ 29. Kg1 Nf4 30. f3 Nh3+ 31. Kg2 Nf4+ 32. Kg1 1/2-1/2

[Event "ch-CHN 2016"]
[Site "Xinghua CHN"]
[Date "2016.04.28"]
[Round "11.5"]
[White "Zeng, Chongsheng"]
[Black "Lu, Shanglei"]
[Result "1/2-1/2"]
[WhiteTitle "GM"]
[BlackTitle "GM"]
[WhiteElo "2549"]
[BlackElo "2619"]
[WhiteFideId "8603847"]
[BlackFideId "8603332"]
[EventDate "2016.04.17"]

1. e4 c5 2. Nf3 d6 3. Bb5+ Bd7 4. Bxd7+ Qxd7 5. c4 g6 6. Nc3 Bg7 7. d4 cxd4 8.
Nxd4 Nf6 9. O-O O-O 10. f3 Rc8 11. b3 d5 12. exd5 Nxd5 13. Nxd5 e6 14. Bh6 exd5
15. Bxg7 Kxg7 16. Nb5 dxc4 17. Nd6 Rd8 18. Nxb7 Qxd1 19. Raxd1 Rxd1 20. Rxd1
cxb3 21. axb3 Nc6 22. Rd7 a5 23. Kf2 a4 24. bxa4 Rxa4 25. Nd6 Ra7 26. Ne8+ Kf8
27. Rxa7 Nxa7 28. Nf6 Kg7 29. Ne8+ Kf8 30. Nf6 Kg7 1/2-1/2

[Event "ch-CHN 2016"]
[Site "Xinghua CHN"]
[Date "2016.04.28"]
[Round "11.6"]
[White "Zhou, Jianchao"]
[Black "Zhao, Jun"]
[Result "1/2-1/2"]
[WhiteTitle "GM"]
[BlackTitle "GM"]
[WhiteElo "2612"]
[BlackElo "2634"]
[WhiteFideId "8603537"]
[BlackFideId "8602522"]
[EventDate "2016.04.17"]

1. d4 g6 2. e4 Bg7 3. c4 d6 4. Nc3 Nf6 5. Nf3 O-O 6. Be2 Nbd7 7. O-O e5 8. Be3
c6 9. d5 c5 10. Bg5 h6 11. Bh4 g5 12. Bg3 Nh5 13. Ne1 Nf4 14. Bg4 Nb6 15. Bxc8
Qxc8 16. b3 f5 17. Nc2 Nd7 18. Ne3 fxe4 19. Nxe4 Qc7 20. f3 Rf7 21. Be1 b6 22.
Qc2 Nf8 23. b4 Nd7 24. a4 cxb4 25. Bxb4 Nc5 26. Bxc5 bxc5 27. Rab1 Bf8 28. g3
Nh5 29. Ng4 Kg7 30. Kg2 Rb8 31. Rxb8 Qxb8 32. Rb1 Rb7 33. Rxb7+ Qxb7 34. Ne3 Kf7
35. Nf5 Qd7 36. a5 Nf6 37. Nxf6 Kxf6 38. g4 a6 39. Ng3 Ke7 40. Qg6 Kd8 41. Nf5
Qe8 42. Qf6+ Kd7 43. Ne3 Qd8 44. Qe6+ Kc7 45. Nf5 Qd7 46. Kg3 Kd8 47. Qf6+ Ke8
48. h4 Qc7 49. Qe6+ Kd8 50. Qg8 Ke8 51. Nxh6 Qxa5 52. Qf7+ Kd8 53. Qxf8+ Kc7 54.
Qe7+ Kc8 55. Qe8+ Kb7 56. Qd7+ Ka8 57. Kh3 Qe1 58. Qd8+ Kb7 59. Qe7+ Ka8 60.
Qf8+ Kb7 61. Qe7+ Ka8 62. Qe8+ Ka7 63. Qd7+ Ka8 64. Qe8+ Ka7 65. Qe7+ Ka8 66.
Qf8+ Ka7 67. Qg7+ Kb6 68. hxg5 Qh1+ 69. Kg3 Qg1+ 70. Kh3 Qh1+ 71. Kg3 1/2-1/2